• 首页
  • 本馆介绍
  • 公告通知
  • 最新文献
  • 馆藏检索
  • 电子资源
  • 读者导购
  • 参考咨询
  • 我的图书馆
  • 登录
  • 详细信息显示
  • 放入我的书架
  • 预约/预借图书
  • 作者相关作品
  • 分类相关作品
  • 丛书相关作品
  • 出版社相关作品

书目信息

  • 表格格式
  • 工作单格式
  • 卡片格式
题名:
丛书集成初编
    
 
作者: 郭璞 注
分册: 1139   两雅
出版信息: 北京   中华书局  1985
页数: 162页
开本: 20cm
丛书名:
单 册:
中图分类: Z12
科图分类:
主题词: 丛书--中国 , 丛书--中国
电子资源:
ISBN:
000 00627nam0 2200241 450
001 0638626631
005 20060820085221.82
010    @dCNY10000.00(套价)
100    @a20060802d1985 km y0chiy0120 ea
101 0  @achi
102    @aCN@b110000
102    @aCN@b110000
200 1  @a丛书集成初编@Acong shu ji cheng chu bian@i两雅@h1139@f郭璞注@Fguo pu zhu
205    @a新1版
210    @a北京@c中华书局@d1985
215    @a162页@d20cm
517 1  @a两雅@Aliang ya
606 0  @a丛书@x中国
606 0  @a丛书@x中国
690    @aZ12@v3
701  0 @a郭璞@Aguo pu@4注
801  0 @aCN@bPFT@c20060820
905    @a10447@dZ12@e53:1139
    
    丛书集成初编.两雅.1139/郭璞注.-新1版.-北京:中华书局,1985
    162页;20cm
    
    
    ISBN :CNY10000.00(套价)
    
●
相关链接 在E读中查询图书 在五车中查询图书 在当当中查询图书 在豆瓣中查询图书


正题名:丛书集成初编     索取号:Z12/53:1139         预约/预借

序号 登录号 条形码 馆藏地/架位号 状态 备注
1 0464625   204646259   密集书库/ [索取号:Z12/53:1139] 在馆    
唐山师范学院图书馆 欢迎您!
大连网信软件有限公司© 版权所有